| 000 | 00619nam a22002177a 4500 | ||
|---|---|---|---|
| 942 | _cBK | ||
| 999 |
_c602 _d602 |
||
| 005 | 20250420134818.0 | ||
| 008 | 200812b ||||| |||| 00| 0 eng d | ||
| 020 | _a9781259255663 | ||
| 040 | _cKCST | ||
| 082 |
_a004 _bWi Us |
||
| 100 |
_aWilliams, Brian K. _95051 |
||
| 245 |
_aUsing information technology / _cBrian K Williams; Stacey C Sawyer |
||
| 250 | _a11th int. student edition | ||
| 260 |
_aNew York: _bMcGraw-Hill, _c2015. |
||
| 300 | _a588 p. | ||
| 650 |
_aTelecommunication systems. _9640 |
||
| 650 |
_aInformation technology. _95052 |
||
| 700 |
_aSawyer, Stacey C. _95053 |
||
| 942 | _2ddc | ||